| Tag |
First Indicator |
Second Indicator |
Subfields |
| LEADER |
00000pam a2200000 a 4500 |
| 001 |
in00000078210 |
| 005 |
20151008060658.0 |
| 008 |
820126s1982 nyua 00110 eng |
| 010 |
|
|
|a 82000702
|
| 020 |
|
|
|a 0387906398
|
| 035 |
|
|
|a (OCoLC)08169435
|
| 035 |
|
|
|9 AAJ6318AM
|
| 040 |
|
|
|a DLC
|c DLC
|d TXA
|d UtOrBLW
|
| 049 |
|
|
|a TXAM
|c [388030]
|
| 050 |
0 |
0 |
|a QA433
|b .S535 1982
|
| 082 |
0 |
|
|a 515/.63
|2 19
|
| 100 |
1 |
|
|a Simmonds, James G.
|
| 245 |
1 |
2 |
|a A brief on tensor analysis /
|c James G. Simmonds.
|
| 264 |
|
1 |
|a New York :
|b Springer-Verlag,
|c [1982]
|
| 264 |
|
4 |
|c ©1982
|
| 300 |
|
|
|a xi, 92 pages :
|b illustrations ;
|c 25 cm.
|
| 336 |
|
|
|a text
|b txt
|2 rdacontent
|
| 337 |
|
|
|a unmediated
|b n
|2 rdamedia
|
| 338 |
|
|
|a volume
|b nc
|2 rdacarrier
|
| 490 |
1 |
|
|a Undergraduate texts in mathematics
|
| 500 |
|
|
|a Includes index.
|
| 650 |
|
0 |
|a Calculus of tensors.
|
| 830 |
|
0 |
|a Undergraduate texts in mathematics.
|
| 999 |
|
|
|a MARS
|
| 999 |
f |
f |
|s 3572c978-95d8-3343-b982-eb5c53b1bba5
|i 1f2ab404-47d0-3f7f-903c-72d0e9c51575
|t 0
|
| 952 |
f |
f |
|p normal
|a Texas A&M University
|b College Station
|c Sterling C. Evans Library
|d Evans: Library Stacks
|t 0
|e QA433 .S535 1982
|h Library of Congress classification
|i unmediated -- volume
|m A14806205621
|
| 998 |
f |
f |
|a QA433 .S535 1982
|t 0
|l Evans: Library Stacks
|